Profit Mapping: A Tool for Aligning Operations with Future Profit and Performance (Record no. 4645)

MARC details
005 - DATE AND TIME OF LATEST TRANSACTION
control field 20250623093449.0
020 ## - INTERNATIONAL STANDARD BOOK NUMBER
International Standard Book Number 0-07-147228-2
082 ## - DEWEY DECIMAL CLASSIFICATION NUMBER
Classification number 658.4 ANI
100 ## - MAIN ENTRY--PERSONAL NAME
Author name MENAWAT, A
245 ## - TITLE STATEMENT
Title Profit Mapping: A Tool for Aligning Operations with Future Profit and Performance
260 ## - PUBLICATION, DISTRIBUTION, ETC.
Place of publication, distribution, etc. New York
Name of publisher, distributor, etc. McGraw Hill
Date of publication, distribution, etc. 2006
300 ## - PHYSICAL DESCRIPTION
Extent xi, 263p.: ill.; figures
Other physical details Index
Dimensions 23cm
700 ## - ADDED ENTRY--PERSONAL NAME
Other authors/Editors Adam Garfein
942 ## - ADDED ENTRY ELEMENTS (KOHA)
Source of classification or shelving scheme Dewey Decimal Classification
Koha item type Books
Holdings
Date last seen Total checkouts Full call number Barcode Cost, replacement price Price effective from Koha item type Lost status Source of classification or shelving scheme Damaged status Not for loan Withdrawn status Home library Current library Shelving location Date acquired Source of acquisition Cost, normal purchase price
06/23/2025   658.4 ANI MZa0001938 150000.00 06/23/2025 Books   Dewey Decimal Classification       CBE Mwanza CBE Mwanza General Collection 07/16/2007 Library Budget 50000.00
06/23/2025   658.4 ANI MZa0001939 150000.00 06/23/2025 Books   Dewey Decimal Classification       CBE Mwanza CBE Mwanza General Collection 07/16/2007 Library Budget 50000.00
06/23/2025   658.4 ANI MZa0001940 150000.00 06/23/2025 Books   Dewey Decimal Classification       CBE Mwanza CBE Mwanza General Collection 07/16/2007 Library Budget 50000.00
06/23/2025   658.4 ANI MZa0001941 150000.00 06/23/2025 Books   Dewey Decimal Classification       CBE Mwanza CBE Mwanza General Collection 07/16/2007 Library Budget 50000.00
06/23/2025   658.4 ANI MZa0001942 150000.00 06/23/2025 Books   Dewey Decimal Classification       CBE Mwanza CBE Mwanza General Collection 07/16/2007 Library Budget 50000.00
06/23/2025   658.4 ANI MZa0001943 150000.00 06/23/2025 Books   Dewey Decimal Classification       CBE Mwanza CBE Mwanza General Collection 07/16/2007 Library Budget 50000.00
06/23/2025   658.4 ANI MZA0001947 150000.00 06/23/2025 Books   Dewey Decimal Classification       CBE Mwanza CBE Mwanza General Collection 07/16/2007 Library Budget 50000.00